Central Library OPAC University of Rajshahi

Kind words : (Record no. 66198)

MARC details
000 -LEADER
fixed length control field 00836nam a2200253 a 4500
001 - CONTROL NUMBER
control field 66198
003 - CONTROL NUMBER IDENTIFIER
rucl marc code BD-RjUL
005 - DATE AND TIME OF LATEST TRANSACTION
control field 20211209081518.0
008 - FIXED-LENGTH DATA ELEMENTS--GENERAL INFORMATION
fixed length control field 170314s1990 nyu bd 001 0 eng d
020 ## - INTERNATIONAL STANDARD BOOK NUMBER
International Standard Book Number 0816018960 :
Terms of availability $22.95
035 ## - SYSTEM CONTROL NUMBER
System control number (BD-RjUL) 66328
040 ## - CATALOGING SOURCE
Original cataloging agency BD-RjUL
Transcribing agency BD-RjUL
Language of cataloging eng
Modifying agency BD-RjUL
041 ## - LANGUAGE CODE
Language code of text/sound track or separate title eng
082 00 - DEWEY DECIMAL CLASSIFICATION NUMBER
Classification number 423.103
Edition number 23
Author mark and year NEK 1990
100 1# - MAIN ENTRY--PERSONAL NAME
Personal name Neaman, Judith S.
9 (RLIN) 195899
245 10 - TITLE STATEMENT
Title Kind words :
Remainder of title a thesaurus of euphemisms /
Statement of responsibility, etc. Judith S. Neaman and Carole G. Silver.
250 ## - EDITION STATEMENT
Edition statement Expanded & rev. ed.
260 ## - PUBLICATION, DISTRIBUTION, ETC. (IMPRINT)
Place of publication, distribution, etc. New York :
Name of publisher, distributor, etc. Facts on File,
Date of publication, distribution, etc. c1990.
300 ## - PHYSICAL DESCRIPTION
Pagination xii, 373 p. ;
Size 24 cm.
504 ## - BIBLIOGRAPHY, ETC. NOTE
Bibliography, etc Includes bibliographical references (p. 361-371) and index.
650 #0 - SUBJECT ADDED ENTRY--TOPICAL TERM
Topical term or geographic name as entry element English language
General subdivision Euphemism
-- Dictionaries.
9 (RLIN) 195900
700 1# - ADDED ENTRY--PERSONAL NAME
Personal name Silver, Carole G. , Jt. auth.
942 ## - ADDED ENTRY ELEMENTS (KOHA)
Source of classification or shelving scheme Dewey Decimal Classification
Koha item type Reference
Holdings
Lost status Source of classification or shelving scheme Damaged status Not for loan Collection code Permanent Location Current Location Shelving location Date acquired Source of acquisition Total Checkouts Full call number Date last seen Copy number Koha item type
  Dewey Decimal Classification   Not For Loan Reference Central Library, University of Rajshahi Central Library, University of Rajshahi   26/12/1991 Asia foundation   R 423.103 NEK 1990 14/03/2017 C-1 Reference